LA GENERACION OAXAQUEÑA DEL 57 : SINTESIS BIOGRAFICA /

-д хадгалсан:
Номзүйн дэлгэрэнгүй
Үндсэн зохиолч: Iturribarría, Jorge Fernando (autor)
Формат: Ном
Нөхцлүүд:
Шошгууд: Шошго нэмэх
Шошго байхгүй, Энэхүү баримтыг шошголох эхний хүн болох!

MARC

LEADER 00000nam^a2200000^a^4500
001 000243058
005 20250521000000.0
009 20260310105322.21
035 |a 065366 
037 |a Acervo Xavier Clavigero 
082 |a 920.  |b ITU 
100 |a Iturribarría, Jorge Fernando  |e (autor) 
245 1 3 |a LA GENERACION OAXAQUEÑA DEL 57 :  |b SINTESIS BIOGRAFICA /  |c JORGE FERNANDO ITURRIBARRIA 
264 |a OAXACA :  |b UNIVERSIDAD BENITO JUAREZ,  |c 1956 
300 |a 248 p. 
336 |a texto  |b txt  |2 rdacontenido 
337 |a sin mediación  |b n  |2 rdamedio 
338 |a volumen  |b nc  |2 rdasoporte 
649 |a XX 
650 |a Mexicanos -  |z Oaxaca -  |x Biografías 
910 |a Fondo General 
920 |a Impresos - Libros 
930 |a Colección General 
905 |a 101 
901 |a 065366  |b IT1  |c ACC  |i 065366  |u 20250521 
902 |a https://opac.biblio.iteso.mx/vufind/Record/000243058